| 000 | 00953nas a2200301 4500 | ||
|---|---|---|---|
| 001 | BR2011006494 | ||
| 003 | BR-BrBNA | ||
| 005 | 20231205115209.0 | ||
| 007 | ta | ||
| 008 | 230509b bl.|||p| |||| 00| 00por d | ||
| 040 |
_aBR-BrBNA _bpor _cBiblioteca Nacional de Agricultura |
||
| 041 | _a(Pt) | ||
| 072 | _aL50 | ||
| 100 | 1 | _aAlbernaz, R.M. | |
| 100 | 1 | _aBasile, R.C. | |
| 100 | 1 | _aDias, D.P.M. | |
| 100 | 1 | _aPaiva-Neto, A.O. | |
| 100 | 1 | _aGomide, L.M.W. | |
| 100 | 1 | _aQueiroz-Neto, A. | |
| 100 | 1 | _aLacerta-Neto, J.C. | |
| 245 | 1 | _aDescrição do movimento da articulação metacarpofalangiana de equinos pela metodologia baseada em videogrametria | |
| 650 | _aEQUINO | ||
| 650 | _aLESÃO | ||
| 650 | _aARTICULAÇÃO | ||
| 773 | 0 |
_tArquivo Brasileiro de Medicina Veterinária e Zootecnia (Brazil) _xISSN 0102-0935 _g(Apr 2011), v. 63(2) p. 302-307 _wBR2011006494 |
|
| 909 |
_a202311 _bLúcia _c55 _dLúcia Elande |
||
| 942 |
_2AGRIS _n0 _cANA |
||
| 999 |
_c212554 _d212554 |
||